00350nam a2200145Ia 4500008004100000020002200041041001200063100001100075245005100086250000900137260003100146300000800177650000800185700001100193221220s9999 xx 000 0 und d a978-93-8854-852-6 aEnglish aR. Lal 4aThe Law of Evidence 27th Edcby R. Lal, D. Lal a27th bLexis NexisaHaryanac2022 a776 aLaw aD. Lal